| 000 -LEADER |
| fixed length control field |
01485nam a22002657a 4500 |
| 003 - CONTROL NUMBER IDENTIFIER |
| control field |
KPN |
| 005 - DATE AND TIME OF LATEST TRANSACTION |
| control field |
20250623160111.0 |
| 008 - FIXED-LENGTH DATA ELEMENTS--GENERAL INFORMATION |
| fixed length control field |
250526b 00| 0 eng d |
| 020 ## - INTERNATIONAL STANDARD BOOK NUMBER |
| Terms of availability |
RM32.00 |
| Qualifying information |
paperback |
| 040 ## - CATALOGING SOURCE |
| Transcribing agency |
KPN |
| 082 ## - DEWEY DECIMAL CLASSIFICATION NUMBER |
| Edition number |
23 |
| Classification number |
808.882 HIJ 2023 |
| 090 ## - LOCALLY ASSIGNED LC-TYPE CALL NUMBER (OCLC); LOCAL CALL NUMBER (RLIN) |
| Classification number (OCLC) (R) ; Classification number, CALL (RLIN) (NR) |
808.882 HIJ 2023 |
| Local cutter number (OCLC) ; Book number/undivided call number, CALL (RLIN) |
HIJ |
| 100 ## - MAIN ENTRY--PERSONAL NAME |
| Personal name |
Hijanah |
| Relator term |
author |
| 245 ## - TITLE STATEMENT |
| Title |
Letters from My Heart III: "I Am Leaving. No More Drama" |
| Statement of responsibility, etc. |
Hijanah Hazalif; Editor Syakirah Taupik |
| 260 ## - PUBLICATION, DISTRIBUTION, ETC. |
| Place of publication, distribution, etc. |
[Malaysia] |
| Name of publisher, distributor, etc. |
Hijanah Haul Holdings Sdn Bhd |
| Date of publication, distribution, etc. |
2023 |
| 300 ## - PHYSICAL DESCRIPTION |
| Extent |
199 pages, 2 unnumbered pages |
| Other physical details |
illustrations |
| Dimensions |
19 cm |
| 500 ## - GENERAL NOTE |
| General note |
This book is specifically and specially written for every heart that yearns to be heard, to be understood and to be cared for. I personally created this book for everyone to know that even if I may not know you personally, I always have a special heart for everyone that continues to support my journey, praying for me and followed me throughout my journey as a sister, mother, wife and most importantly a friend.<br/><br/>I hope that from reading this book, you will find solace and peace. I would also pray that whatever troubles or burdens you will be lifted and that you will finally heal.<br/><br/>To all my readers,<br/><br/>This is for you. |
|
| General note |
Contains verses from the Qur'an |
| 650 ## - SUBJECT ADDED ENTRY--TOPICAL TERM |
| Source of heading or term |
Quotations |
|
| Source of heading or term |
Motivation (Psychology) |
| Form subdivision |
Quotations, maxims, etc. |
|
| Source of heading or term |
Conduct of life |
| Form subdivision |
Quotations, maxims, etc. |
| 700 ## - ADDED ENTRY--PERSONAL NAME |
| Personal name |
Hazalif |
| Relator term |
author |
|
| Personal name |
Syakirah Taupik |
| Relator term |
editor |
| 942 ## - ADDED ENTRY ELEMENTS (KOHA) |
| Source of classification or shelving scheme |
|
| Koha item type |
Book |
| Suppress in OPAC |
No |